<?xml version="1.0" encoding="UTF-8"?>
<record
    xmlns:xsi="http://www.w3.org/2001/XMLSchema-instance"
    xsi:schemaLocation="http://www.loc.gov/MARC21/slim http://www.loc.gov/standards/marcxml/schema/MARC21slim.xsd"
    xmlns="http://www.loc.gov/MARC21/slim">

  <leader>01581nam a22002417a 4500</leader>
  <controlfield tag="003">NALT</controlfield>
  <controlfield tag="005">20231108143304.0</controlfield>
  <controlfield tag="008">      s2546    th ||||| |||| 00| 0 tha d</controlfield>
  <datafield tag="020" ind1=" " ind2=" ">
    <subfield code="a">974914085</subfield>
  </datafield>
  <datafield tag="040" ind1=" " ind2=" ">
    <subfield code="a">NALT</subfield>
  </datafield>
  <datafield tag="090" ind1=" " ind2=" ">
    <subfield code="a">KT 104.1</subfield>
    <subfield code="b">&#xE1E;581&#xE04; 2546</subfield>
  </datafield>
  <datafield tag="100" ind1="0" ind2=" ">
    <subfield code="a">&#xE1E;&#xE31;&#xE25;&#xE25;&#xE20; &#xE1E;&#xE34;&#xE2A;&#xE34;&#xE29;&#xE10;&#xE4C;&#xE2A;&#xE31;&#xE07;&#xE06;&#xE01;&#xE32;&#xE23;</subfield>
    <subfield code="9">62062</subfield>
  </datafield>
  <datafield tag="245" ind1="1" ind2="0">
    <subfield code="a">&#xE04;&#xE33;&#xE2D;&#xE18;&#xE34;&#xE1A;&#xE32;&#xE22;&#xE1E;&#xE23;&#xE49;&#xE2D;&#xE21;&#xE14;&#xE49;&#xE27;&#xE22;&#xE23;&#xE27;&#xE21;&#xE04;&#xE33;&#xE1E;&#xE34;&#xE1E;&#xE32;&#xE01;&#xE29;&#xE32;&#xE28;&#xE32;&#xE25;&#xE0E;&#xE35;&#xE01;&#xE32;&#xE40;&#xE01;&#xE35;&#xE48;&#xE22;&#xE27;&#xE01;&#xE31;&#xE1A;&#xE1E;&#xE23;&#xE30;&#xE23;&#xE32;&#xE0A;&#xE1A;&#xE31;&#xE0D;&#xE0D;&#xE31;&#xE15;&#xE34;&#xE08;&#xE31;&#xE14;&#xE15;&#xE31;&#xE49;&#xE07;&#xE28;&#xE32;&#xE25;&#xE40;&#xE22;&#xE32;&#xE27;&#xE0A;&#xE19;&#xE41;&#xE25;&#xE30;&#xE04;&#xE23;&#xE2D;&#xE1A;&#xE04;&#xE23;&#xE31;&#xE27;&#xE41;&#xE25;&#xE30;&#xE27;&#xE34;&#xE18;&#xE35;&#xE1E;&#xE34;&#xE08;&#xE32;&#xE23;&#xE13;&#xE32;&#xE04;&#xE14;&#xE35;&#xE40;&#xE22;&#xE32;&#xE27;&#xE0A;&#xE19;&#xE41;&#xE25;&#xE30;&#xE04;&#xE23;&#xE2D;&#xE1A;&#xE04;&#xE23;&#xE31;&#xE27; &#xE1E;.&#xE28;. 2534 &#xE41;&#xE01;&#xE49;&#xE44;&#xE02;&#xE40;&#xE1E;&#xE34;&#xE48;&#xE21;&#xE40;&#xE15;&#xE34;&#xE21; &#xE1E;.&#xE28;. 2543 &#xE40;&#xE23;&#xE35;&#xE22;&#xE07;&#xE15;&#xE32;&#xE21;&#xE21;&#xE32;&#xE15;&#xE23;&#xE32; /</subfield>
    <subfield code="c">&#xE1E;&#xE31;&#xE25;&#xE25;&#xE20; &#xE1E;&#xE34;&#xE2A;&#xE34;&#xE29;&#xE10;&#xE4C;&#xE2A;&#xE31;&#xE07;&#xE06;&#xE01;&#xE32;&#xE23;.</subfield>
  </datafield>
  <datafield tag="260" ind1=" " ind2=" ">
    <subfield code="a">&#xE01;&#xE23;&#xE38;&#xE07;&#xE40;&#xE17;&#xE1E;&#xE2F; : </subfield>
    <subfield code="b">&#xE1E;&#xE34;&#xE21;&#xE1E;&#xE4C;&#xE2D;&#xE31;&#xE01;&#xE29;&#xE23;, </subfield>
    <subfield code="c">2546.</subfield>
  </datafield>
  <datafield tag="300" ind1=" " ind2=" ">
    <subfield code="a">353 &#xE2B;&#xE19;&#xE49;&#xE32; ;</subfield>
    <subfield code="c">26 &#xE0B;&#xE21;.</subfield>
  </datafield>
  <datafield tag="650" ind1=" " ind2="4">
    <subfield code="a">&#xE28;&#xE32;&#xE25;&#xE40;&#xE22;&#xE32;&#xE27;&#xE0A;&#xE19;&#xE41;&#xE25;&#xE30;&#xE04;&#xE23;&#xE2D;&#xE1A;&#xE04;&#xE23;&#xE31;&#xE27;</subfield>
    <subfield code="9">38948</subfield>
  </datafield>
  <datafield tag="650" ind1=" " ind2="4">
    <subfield code="a">&#xE28;&#xE32;&#xE25;&#xE40;&#xE22;&#xE32;&#xE27;&#xE0A;&#xE19;&#xE41;&#xE25;&#xE30;&#xE04;&#xE23;&#xE2D;&#xE1A;&#xE04;&#xE23;&#xE31;&#xE27; </subfield>
    <subfield code="9">62063</subfield>
    <subfield code="z">&#xE1D;&#xE23;&#xE31;&#xE48;&#xE07;&#xE40;&#xE28;&#xE2A;</subfield>
  </datafield>
  <datafield tag="650" ind1=" " ind2="4">
    <subfield code="a">&#xE28;&#xE32;&#xE25;&#xE40;&#xE22;&#xE32;&#xE27;&#xE0A;&#xE19;&#xE41;&#xE25;&#xE30;&#xE04;&#xE23;&#xE2D;&#xE1A;&#xE04;&#xE23;&#xE31;&#xE27;</subfield>
    <subfield code="9">62064</subfield>
    <subfield code="z">&#xE40;&#xE22;&#xE2D;&#xE23;&#xE21;&#xE31;&#xE19;</subfield>
  </datafield>
  <datafield tag="650" ind1=" " ind2="4">
    <subfield code="a">&#xE28;&#xE32;&#xE25;&#xE40;&#xE22;&#xE32;&#xE27;&#xE0A;&#xE19;&#xE41;&#xE25;&#xE30;&#xE04;&#xE23;&#xE2D;&#xE1A;&#xE04;&#xE23;&#xE31;&#xE27; </subfield>
    <subfield code="9">62065</subfield>
    <subfield code="z">&#xE2D;&#xE31;&#xE07;&#xE01;&#xE24;&#xE29;</subfield>
  </datafield>
  <datafield tag="650" ind1=" " ind2="4">
    <subfield code="a">&#xE28;&#xE32;&#xE25;&#xE40;&#xE22;&#xE32;&#xE27;&#xE0A;&#xE19;&#xE41;&#xE25;&#xE30;&#xE04;&#xE23;&#xE2D;&#xE1A;&#xE04;&#xE23;&#xE31;&#xE27; </subfield>
    <subfield code="9">62066</subfield>
    <subfield code="z">&#xE2A;&#xE2B;&#xE23;&#xE31;&#xE10;&#xE2D;&#xE40;&#xE21;&#xE23;&#xE34;&#xE01;&#xE32;</subfield>
  </datafield>
  <datafield tag="850" ind1=" " ind2=" ">
    <subfield code="a">NALT</subfield>
  </datafield>
  <datafield tag="942" ind1=" " ind2=" ">
    <subfield code="c">LB</subfield>
    <subfield code="2">local</subfield>
  </datafield>
  <datafield tag="999" ind1=" " ind2=" ">
    <subfield code="c">43013</subfield>
    <subfield code="d">43013</subfield>
  </datafield>
  <datafield tag="998" ind1=" " ind2=" ">
    <subfield code="j">104</subfield>
    <subfield code="k"> &#xE19;&#xE32;&#xE07;&#xE2A;&#xE32;&#xE27;&#xE2A;&#xE32;&#xE22;&#xE1D;&#xE19;  &#xE14;&#xE35;&#xE07;&#xE32;&#xE21;</subfield>
  </datafield>
  <datafield tag="952" ind1=" " ind2=" ">
    <subfield code="0">0</subfield>
    <subfield code="1">0</subfield>
    <subfield code="2">local</subfield>
    <subfield code="4">0</subfield>
    <subfield code="7">0</subfield>
    <subfield code="8">CLAW</subfield>
    <subfield code="a">NALT</subfield>
    <subfield code="b">NALT</subfield>
    <subfield code="c">LAW</subfield>
    <subfield code="d">2023-11-08</subfield>
    <subfield code="o">KT 104.1 &#xE1E;581&#xE04; 2546</subfield>
    <subfield code="p">3961153634</subfield>
    <subfield code="r">2017-06-09 00:00:00</subfield>
    <subfield code="w">2017-06-09</subfield>
    <subfield code="y">LB</subfield>
  </datafield>
</record>
